| 000 | 00430nam a22001697a 4500 | ||
|---|---|---|---|
| 003 | SGT | ||
| 020 | _a9780367771164 | ||
| 082 |
_a616.0757 _bC23D |
||
| 100 | _aDODGEON, JAN | ||
| 245 | _aCLARK'S ESSENTIAL GUIDE TO CLINICAL ULTRASOUND | ||
| 250 | _a1ST | ||
| 260 |
_aBOCA RATON _bCRC PRESS PUB _c2023 |
||
| 300 | _a365 | ||
| 650 | _aRADIOLOGY | ||
| 653 | _aCLARK'S ESSENTIAL GUIDE TO CLINICAL ULTRASOUND | ||
| 942 |
_2ddc _cBK |
||
| 999 |
_c30864 _d30864 |
||